[Event "Stay Safe Play From Home 329"]
[Site "Mustafa Kemal Atatürk"]
[Date "2020.07.24"]
[Round "4"]
[White "Haxhi Baha"]
[Black "lamborghini"]
[Result "0-1"]
[WhiteElo "2077"]
[BlackElo "2182"]
[Annotator "TA"]
[PlyCount "82"]
[EventDate "2020.07.24"]
[EventType "swiss (blitz)"]

{[%evp 14,82,20,-4,-4,0,27,0,67,51,98,89,126,52,39,33,34,-29,98,122,256,93,125,-30,0,-95,12,-177,99,0,3,0,169,167,227,227,372,372,374,371,359,354,315,222,390,381,432,421,522,535,485,423,400,267,29981,29982,29982,29983,29983,29977,29986,29987,29989,29990,29990,29977,29997,29994,29994,29991,29991]} 1. e4 c5 2. Nf3 d6 3. d4 cxd4 4. Nxd4 Nf6 5. Nc3 g6 6. Be2 Bg7 7. Be3 O-O {7...Nc6 deserves study.} 8. g4 Nc6 {next ...Nxg4! is good for Black. B72: Sicilian Dragon: 6 Be3, lines with h3+Bc4 and sidelines.} 9. g5 Nd7 10. h4 Nc5 (10... Qb6 $11 11. Nd5 Qd8) 11. Qd2 $1 $14 {[#]} Bd7 $146 ({Predecessor:} 11... Qa5 12. f3 Nxd4 13. Bxd4 Bxd4 14. Qxd4 e5 15. Qd2 Be6 16. h5 d5 17. exd5 Rad8 {0-1 (26) Krahnke,A (1743)-Mueller,L (2064) Gau Algesheim 2011}) 12. O-O-O b5 {[%cal Bb7b5,Bb5b4][%mdl 32]} 13. h5 (13. f3 $16) 13... b4 14. Nd5 {Black must now prevent hxg6.} Nxe4 15. Qe1 (15. Qd3 $14 Nc5 16. Qc4) 15... Rb8 (15... e6 $11 16. Nxc6 Bxc6 17. Nxb4 Rb8 18. hxg6 (18. Nxc6 $2 Bxb2+ 19. Kb1 Nc3+ 20. Qxc3 Bxc3+ $19) 18... fxg6) 16. hxg6 $16 hxg6 (16... e6 $16) 17. Bd3 $2 (17. f3 $18 {has better winning chances.} Nc3 18. bxc3 bxc3 19. Nxc6 Bxc6 20. Qh4 (20. Bxa7 $2 Re8 $17)) 17... Nc5 ({Avoid the trap} 17... Nxd4 $2 18. Bxd4 e5 19. Qxe4 $18) 18. Nxc6 $2 (18. f4 $1 $16) 18... Bxc6 $11 {[#]} 19. Bc4 (19. Bxg6 $1 $11 {[%mdl 512] was the only way to keep the balance.} fxg6 20. Bxc5) 19... Re8 (19... e6 $17 20. Nf6+ Bxf6 21. gxf6 Bxh1 22. Qxh1 Qxf6) 20. Qg1 $2 (20. Rh4 $11 {and White is okay.}) 20... Qa5 $2 ({Black should play} 20... e6 $19 21. Nf6+ Bxf6) 21. Kb1 (21. Qh2 $16 Ne6 22. Kb1) 21... Bxd5 $1 22. Bxd5 Na4 $2 {White stays focused until the end.} (22... b3 $11 {and Black has nothing to worry.} 23. Bxb3 Nxb3 24. axb3 Rec8) 23. Qh2 $18 e6 {[#]} 24. Bb3 $1 $40 {[%mdl 128] White wants a kill.} Nxb2 (24... Nc5 $142 25. Bd4 e5 26. Bxc5 Qxc5) 25. Bd4 Bxd4 26. Rxd4 {[%csl Gh1][%cal Rh2h8]} Qe5 27. Qxe5 ({Less strong is} 27. Rxd6 Qg7 $18) 27... dxe5 28. Rd7 Na4 $2 (28... Rbd8 29. Rxd8 Rxd8) 29. Bxa4 e4 30. Re1 Rec8 31. Rxe4 Rc5 32. Bb3 a5 33. Rc4 a4 $2 (33... Rxg5 $18 34. Rf4 Rf5 35. Rxf5 gxf5) 34. Rxc5 {White mates.} axb3 35. axb3 Rf8 36. Rcc7 Kg7 37. c4 Kg8 38. c5 Kg7 {[#]} 39. Rxf7+ $3 Kg8 (39... Rxf7 40. Rxf7+) 40. Rxf8+ Kxf8 41. Rh7 Ke8 {[%mdl 32768] Accuracy: White = 40%, Black = 21%. . Sensor Board Error (Ke4/e5)?} 0-1

[Event "Stay Safe Play From Home 329"]
[Site "Mustafa Kemal Atatürk"]
[Date "2020.07.24"]
[Round "4"]
[White "Padmaesh M K"]
[Black "Schachwerk_64"]
[Result "1-0"]
[WhiteElo "1717"]
[BlackElo "1894"]
[Annotator "NA"]
[PlyCount "25"]
[EventDate "2020.07.24"]
[EventType "swiss (blitz)"]

1. Nf3 {[%emt 0:00:01]} Nc6 {[%emt 0:00:00]} 2. g3 {[%emt 0:00:00]} e5 {[%emt 0:00:01]} 3. Bg2 {[%emt 0:00:00]} e4 {[%emt 0:00:00]} 4. Ng1 {[%emt 0:00:02]} d5 {[%emt 0:00:00]} 5. d3 {[%emt 0:00:00]} Nf6 {[%emt 0:00:02]} 6. dxe4 {[%emt 0:00:00]} dxe4 {[%emt 0:00:00]} 7. Qxd8+ {[%emt 0:00:02]} Kxd8 {[%emt 0:00:00]} 8. Nc3 {[%emt 0:00:01]} Bf5 {[%emt 0:00:01]} 9. Bg5 {[%emt 0:00:02]} Bb4 {[%emt 0:00:06]} 10. O-O-O+ {[%emt 0:00:01]} Ke7 {[%emt 0:00:01]} 11. Nd5+ {[%emt 0:00:01]} Ke6 {[%emt 0:00:03]} 12. Nxc7+ {[%emt 0:00:02]} Ke5 {[%emt 0:00:02]} 13. Bf4# {[%emt 0:00:02] (Lag: Av=0.42s, max=0.6s)} 1-0

[Event "Stay Safe Play From Home 329"]
[Site "Mustafa Kemal Atatürk"]
[Date "2020.07.24"]
[Round "4"]
[White "Trotsky"]
[Black "Mandy"]
[Result "1-0"]
[WhiteElo "1648"]
[BlackElo "889"]
[Annotator "NA"]
[PlyCount "25"]
[EventDate "2020.07.24"]
[EventType "swiss (blitz)"]

1. d4 {[%emt 0:00:01]} d5 {[%emt 0:00:02]} 2. e3 {[%emt 0:00:00]} c6 {[%emt 0:00:01]} 3. c4 {[%emt 0:00:00]} Nf6 {[%emt 0:00:02]} 4. Nc3 {[%emt 0:00:01]} e6 {[%emt 0:00:01]} 5. Nf3 {[%emt 0:00:01]} Be7 {[%emt 0:00:03]} 6. c5 {[%emt 0:00:00]} O-O {[%emt 0:00:02]} 7. Bd3 {[%emt 0:00:01]} Nbd7 {[%emt 0:00:03]} 8. Qc2 {[%emt 0:00:01]} b6 {[%emt 0:00:01]} 9. h4 {[%emt 0:00:01]} Qc7 {[%emt 0:00:07]} 10. Ng5 {[%emt 0:00:01]} Ng4 {[%emt 0:00:06]} 11. Bxh7+ {[%emt 0:00:02]} Kh8 {[%emt 0:00:04]} 12. Bg8 {[%emt 0:00:01]} Rxg8 {[%emt 0:00:02]} 13. Qh7# {[%emt 0:00:01] (Lag: Av=0.54s, max=1.7s)} 1-0

[Event "Stay Safe Play From Home 329"]
[Site "Mustafa Kemal Atatürk"]
[Date "2020.07.24"]
[Round "4"]
[White "Edmatuag"]
[Black "Meini"]
[Result "1-0"]
[WhiteElo "1608"]
[BlackElo "1503"]
[Annotator "NA"]
[PlyCount "55"]
[EventDate "2020.07.24"]
[EventType "swiss (blitz)"]

1. e4 {[%emt 0:00:01]} c6 {[%emt 0:00:01]} 2. Nf3 {[%emt 0:00:01]} d5 {[%emt 0:00:00]} 3. d4 {[%emt 0:00:01]} dxe4 {[%emt 0:00:01]} 4. Nfd2 {[%emt 0:00:01]} Bf5 {[%emt 0:00:03]} 5. Nc3 {[%emt 0:00:02]} Nf6 {[%emt 0:00:01]} 6. Bc4 {[%emt 0:00:01]} e6 {[%emt 0:00:01]} 7. Qe2 {[%emt 0:00:01]} Bb4 {[%emt 0:00:01]} 8. O-O {[%emt 0:00:09]} Bxc3 {[%emt 0:00:01]} 9. bxc3 {[%emt 0:00:00]} Nbd7 {[%emt 0:00:01]} 10. Bb3 {[%emt 0:00:02]} O-O {[%emt 0:00:01]} 11. c4 {[%emt 0:00:01]} Nb6 {[%emt 0:00:01]} 12. c3 {[%emt 0:00:01]} Qe7 {[%emt 0:00:02]} 13. Bc2 {[%emt 0:00:01]} c5 {[%emt 0:00:02]} 14. Nxe4 {[%emt 0:00:05]} Nxe4 {[%emt 0:00:04]} 15. Bxe4 {[%emt 0:00:01]} Bxe4 {[%emt 0:00:01]} 16. Qxe4 {[%emt 0:00:00]} Nxc4 {[%emt 0:00:01]} 17. d5 {[%emt 0:00:03]} Nb6 {[%emt 0:00:06]} 18. c4 {[%emt 0:00:02]} Rfe8 {[%emt 0:00:03]} 19. Ba3 {[%emt 0:00:03]} exd5 {[%emt 0:00:04]} 20. Qxe7 {[%emt 0:00:01]} Rxe7 {[%emt 0:00:01]} 21. Bxc5 {[%emt 0:00:00]} Rc7 {[%emt 0:00:03]} 22. Bxb6 {[%emt 0:00:01]} axb6 {[%emt 0:00:01]} 23. cxd5 {[%emt 0:00:01]} Rd7 {[%emt 0:00:01]} 24. Rfd1 {[%emt 0:00:01]} Rad8 {[%emt 0:00:01]} 25. Rac1 {[%emt 0:00:03]} Rxd5 {[%emt 0:00:02]} 26. Rxd5 {[%emt 0:00:02]} Rxd5 {[%emt 0:00:00]} 27. Rc8+ {[%emt 0:00:01]} Rd8 {[%emt 0:00:05]} 28. Rxd8# {[%emt 0:00:01] (Lag: Av=0.51s, max=1.1s)} 1-0

[Event "Stay Safe Play From Home 329"]
[Site "Mustafa Kemal Atatürk"]
[Date "2020.07.24"]
[Round "4"]
[White "Mamba2001de"]
[Black "New ton"]
[Result "1-0"]
[WhiteElo "1457"]
[BlackElo "1459"]
[Annotator "NA"]
[PlyCount "77"]
[EventDate "2020.07.24"]
[EventType "swiss (blitz)"]

1. e4 {[%emt 0:00:01]} d5 {[%emt 0:00:00]} 2. f3 {[%emt 0:00:02]} dxe4 {[%emt 0:00:02]} 3. fxe4 {[%emt 0:00:01]} Nc6 {[%emt 0:00:01]} 4. Nf3 {[%emt 0:00:01]} Nf6 {[%emt 0:00:02]} 5. Nc3 {[%emt 0:00:03]} Bg4 {[%emt 0:00:02]} 6. Be2 {[%emt 0:00:03]} e5 {[%emt 0:00:04]} 7. O-O {[%emt 0:00:01]} Bb4 {[%emt 0:00:01]} 8. Nd5 {[%emt 0:00:04]} Nxd5 {[%emt 0:00:02]} 9. exd5 {[%emt 0:00:01]} Qxd5 {[%emt 0:00:01]} 10. c3 {[%emt 0:00:01]} Ba5 {[%emt 0:00:02]} 11. Re1 {[%emt 0:00:01]} Bb6+ {[%emt 0:00:01]} 12. Kh1 {[%emt 0:00:02]} e4 {[%emt 0:00:04]} 13. Nd4 {[%emt 0:00:02]} O-O-O {[%emt 0:00:02]} 14. Bxg4+ {[%emt 0:00:02]} Kb8 {[%emt 0:00:01]} 15. Nxc6+ {[%emt 0:00:01]} Qxc6 {[%emt 0:00:02]} 16. d4 {[%emt 0:00:01]} Rhe8 {[%emt 0:00:04]} 17. Qb3 {[%emt 0:00:04]} e3 {[%emt 0:00:02]} 18. Bxe3 {[%emt 0:00:02]} Rd6 {[%emt 0:00:01]} 19. Bf3 {[%emt 0:00:01]} Rde6 {[%emt 0:00:02]} 20. d5 {[%emt 0:00:02]} Qd7 {[%emt 0:00:05]} 21. dxe6 {[%emt 0:00:01]} Qxe6 {[%emt 0:00:01]} 22. Rad1 {[%emt 0:00:01]} Bxe3 {[%emt 0:00:04]} 23. Qxe6 {[%emt 0:00:02]} Rxe6 {[%emt 0:00:02]} 24. Rxe3 {[%emt 0:00:01]} a6 {[%emt 0:00:01]} 25. Rxe6 {[%emt 0:00:01]} Ka7 {[%emt 0:00:01]} 26. Rd7 {[%emt 0:00:01]} fxe6 {[%emt 0:00:01]} 27. Rxc7 {[%emt 0:00:01]} e5 {[%emt 0:00:01]} 28. Rxb7+ {[%emt 0:00:01]} Ka8 {[%emt 0:00:02]} 29. Rxg7+ {[%emt 0:00:01]} Kb8 {[%emt 0:00:00]} 30. Rxh7 {[%emt 0:00:01]} Kc8 {[%emt 0:00:00]} 31. Ra7 {[%emt 0:00:01]} Kd8 {[%emt 0:00:00]} 32. Rxa6 {[%emt 0:00:01]} Ke8 {[%emt 0:00:00]} 33. Re6+ {[%emt 0:00:01]} Kd7 {[%emt 0:00:01]} 34. Rxe5 {[%emt 0:00:00]} Kc7 {[%emt 0:00:01]} 35. Re4 {[%emt 0:00:01]} Kd6 {[%emt 0:00:00]} 36. a4 {[%emt 0:00:01]} Kc6 {[%emt 0:00:01]} 37. Rb4+ {[%emt 0:00:01]} Kd7 {[%emt 0:00:00]} 38. a5 {[%emt 0:00:00]} Kc7 {[%emt 0:00:00]} 39. a6 {[%emt 0:00:00] TimeB} 1-0

[Event "Stay Safe Play From Home 329"]
[Site "Mustafa Kemal Atatürk"]
[Date "2020.07.24"]
[Round "4"]
[White "Klasman"]
[Black "Lazieri3"]
[Result "0-1"]
[WhiteElo "1329"]
[BlackElo "2041"]
[PlyCount "38"]
[EventDate "2020.07.24"]
[EventType "swiss (blitz)"]

1. f4 {[%emt 0:00:01]} c6 {[%emt 0:00:00]} 2. c4 {[%emt 0:00:02]} d5 {[%emt 0:00:00]} 3. cxd5 {[%emt 0:00:01]} cxd5 {[%emt 0:00:00]} 4. d4 {[%emt 0:00:01]} Nf6 {[%emt 0:00:00]} 5. Nf3 {[%emt 0:00:01]} Nc6 {[%emt 0:00:00]} 6. e3 {[%emt 0:00:01]} Bf5 {[%emt 0:00:02]} 7. Bb5 {[%emt 0:00:02]} Qa5+ {[%emt 0:00:03]} 8. Nc3 {[%emt 0:00:02]} O-O-O {[%emt 0:00:01]} 9. Bxc6 {[%emt 0:00:04]} bxc6 {[%emt 0:00:01]} 10. O-O {[%emt 0:00:01]} e6 {[%emt 0:00:02]} 11. a3 {[%emt 0:00:06]} Bd6 {[%emt 0:00:02]} 12. Bd2 {[%emt 0:00:01]} Qb6 {[%emt 0:00:02]} 13. Qa4 {[%emt 0:00:04]} Kd7 {[%emt 0:00:02]} 14. Ne5+ {[%emt 0:00:01]} Bxe5 {[%emt 0:00:01]} 15. dxe5 {[%emt 0:00:04]} Ne4 {[%emt 0:00:01]} 16. Nxe4 {[%emt 0:00:03]} Bxe4 {[%emt 0:00:00]} 17. Bb4 {[%emt 0:00:03]} Qxe3+ {[%emt 0:00:05]} 18. Kh1 {[%emt 0:00:02]} Rb8 {[%emt 0:00:06]} 19. Qxa7+ {[%emt 0:00:06]} Qxa7 {[%emt 0:00:02] Klasman resigns (Lag: Av=0.76s, max=1.1s)} 0-1

[Event "Stay Safe Play From Home 329"]
[Site "Mustafa Kemal Atatürk"]
[Date "2020.07.24"]
[Round "4"]
[White "W Nelles"]
[Black "Stefanone"]
[Result "1-0"]
[WhiteElo "1208"]
[BlackElo "2055"]
[Annotator "NA"]
[PlyCount "41"]
[EventDate "2020.07.24"]
[EventType "swiss (blitz)"]

1. e4 {[%emt 0:00:01]} e6 {[%emt 0:00:00]} 2. Nf3 {[%emt 0:00:01]} d5 {[%emt 0:00:00]} 3. Nc3 {[%emt 0:00:01]} c6 {[%emt 0:00:01]} 4. exd5 {[%emt 0:00:01]} exd5 {[%emt 0:00:00]} 5. Bd3 {[%emt 0:00:02]} f5 {[%emt 0:00:00]} 6. O-O {[%emt 0:00:01]} Nf6 {[%emt 0:00:00]} 7. Re1+ {[%emt 0:00:01]} Ne4 {[%emt 0:00:01]} 8. Nxe4 {[%emt 0:00:01]} dxe4 {[%emt 0:00:01]} 9. Nd4 {[%emt 0:00:03]} Bc5 {[%emt 0:00:02]} 10. c3 {[%emt 0:00:02]} Bxd4 {[%emt 0:00:01]} 11. cxd4 {[%emt 0:00:01]} O-O {[%emt 0:00:00]} 12. Bc4+ {[%emt 0:00:01]} Kh8 {[%emt 0:00:01]} 13. Qb3 {[%emt 0:00:01]} Nd7 {[%emt 0:00:01]} 14. d3 {[%emt 0:00:01]} Nb6 {[%emt 0:00:01]} 15. Be3 {[%emt 0:00:02]} Nxc4 {[%emt 0:00:01]} 16. dxc4 {[%emt 0:00:02]} Be6 {[%emt 0:00:02]} 17. d5 {[%emt 0:00:02]} cxd5 {[%emt 0:00:01]} 18. Qxb7 {[%emt 0:00:02]} Rb8 {[%emt 0:00:03]} 19. Qxa7 {[%emt 0:00:01]} d4 {[%emt 0:00:00]} 20. Bxd4 {[%emt 0:00:01]} Ra8 {[%emt 0:00:01]} 21. Qxg7# {[%emt 0:00:03] (Lag: Av=0.46s, max=1.2s)} 1-0

[Event "Stay Safe Play From Home 329"]
[Site "Mustafa Kemal Atatürk"]
[Date "2020.07.24"]
[Round "5"]
[White "Mepe_Nika"]
[Black "Little champs"]
[Result "0-1"]
[WhiteElo "2444"]
[BlackElo "2325"]
[Annotator "TA"]
[PlyCount "80"]
[EventDate "2020.07.24"]
[EventType "swiss (blitz)"]

{[%evp 9,79,47,69,63,69,62,67,31,20,26,18,-24,17,25,23,24,17,0,27,11,17,20,25,16,45,12,46,15,25,8,19,23,19,20,20,-8,-20,-40,-14,-45,-57,-400,-166,-401,-197,-1256,-1424,-1445,-1429,-1405,-1398,-1322,-1303,-29981,-29982,-29979,-29980,-29987,-29988,-29988,-29989,-29987,-29979,-29993,-2895,-29994,-29995,-29995,-2525,-29998,-29999,-29999]} 1. d4 d5 2. Bf4 c6 3. e3 Nf6 4. c4 g6 5. Nc3 dxc4 6. Bxc4 {D10: Slav Defence: 3 cxd5 (without early Nf3) and 3 Nc3.} Bg7 7. Nf3 O-O {[#]} 8. Ne5 $146 {White is slightly better.} ({Predecessor:} 8. O-O Nbd7 9. Qe2 Nb6 10. Bb3 a5 11. e4 a4 12. Bc2 Be6 13. Rfd1 Nh5 14. Be3 {½-½ (71) Najer,E (2634)-Yu,L (2372) China 2013}) 8... Nd5 9. Nxd5 cxd5 10. Bd3 Nc6 11. Nxc6 bxc6 12. O-O Qb6 13. b3 f6 14. Rc1 e5 15. dxe5 fxe5 16. Bg3 Bd7 17. Be2 Rac8 18. Bg4 Bf5 19. h4 Rcd8 20. h5 Rde8 {[%cal Bd8e8,Be8e6,Be6h6][%mdl 32]} 21. hxg6 hxg6 22. Bxf5 gxf5 23. Qh5 Re6 ({Inferior is} 23... f4 24. exf4 exf4 25. Bxf4 $1 $16 {[%mdl 512]}) 24. Rfd1 Rh6 $36 {[%mdl 2048] White is under pressure.} 25. Qe2 $2 {[%mdl 8192] Now White is beyond hope.} ({Only move:} 25. Qg5 $15 Qb8 26. Qe7) 25... Kf7 (25... f4 $142 26. exf4 Rf5) 26. Rc2 $2 {[#]} (26. f4 {is the only way for White.} e4 27. Kf2) 26... Rfh8 (26... f4 $142 $1 {[%mdl 512]} 27. Bxf4 (27. exf4 Rfh8) 27... exf4 28. exf4 Rfh8) 27. f3 $2 {[#]} (27. f4 e4 28. Kf2) 27... f4 $1 $19 {[%mdl 512]} 28. Kf2 fxg3+ 29. Kxg3 Qd8 {[%csl Gh6,Gh8][%cal Rd8h4]} 30. Kf2 Qh4+ 31. g3 Qh2+ 32. Ke1 Qxg3+ 33. Qf2 Rh1+ 34. Ke2 Qxf2+ 35. Kxf2 Rxd1 36. Rxc6 Rh2+ 37. Kg3 Rdd2 {[%csl Gh2][%cal Rd2g2]} 38. Rc7+ Kg8 (38... Kg6 $142 39. Rc6+ Bf6 40. Rc2 Rxc2 41. f4 Rcg2+ 42. Kf3 e4#) 39. f4 Rdg2+ 40. Kf3 e4# {Accuracy: White = 41%, Black = 63%.} 0-1

[Event "Stay Safe Play From Home 329"]
[Site "Mustafa Kemal Atatürk"]
[Date "2020.07.24"]
[Round "5"]
[White "lamborghini"]
[Black "SoulofWolf"]
[Result "0-1"]
[WhiteElo "2194"]
[BlackElo "2167"]
[Annotator "TA"]
[PlyCount "90"]
[EventDate "2020.07.24"]
[EventType "swiss (blitz)"]

{[%evp 11,90,53,70,47,64,66,66,68,116,52,114,34,51,25,33,30,68,70,67,66,93,77,265,29,35,19,74,45,86,100,82,76,434,172,162,111,150,131,306,178,181,123,512,355,500,249,247,264,233,157,327,171,781,100,98,-1079,-1050,-1013,-1008,-1079,-980,-1041,-981,-1116,-1099,-1161,-1131,-991,-766,-806,0,-724,-707,-1157,-1126,-1079,-1072,-2239,373,-29997,1472]} 1. e4 c5 2. Nf3 e6 3. d4 cxd4 4. Nxd4 a6 5. Bd3 b5 6. O-O Bb7 7. Re1 {B42: Sicilian: Kan Variation: 5 Bd3.} Bc5 8. Nb3 Bb6 {[#]} 9. a4 $146 {White is slightly better.} ({Predecessor:} 9. Qg4 Qf6 10. Qg3 e5 11. Nc3 h6 12. Nd5 Bxd5 13. exd5 Ne7 14. Rxe5 Bxf2+ 15. Qxf2 Qxe5 {1-0 (24) Orsoni,J (1906)-Geronimi,P (1687) Porticcio 2010}) 9... b4 10. c3 ({Better is} 10. N1d2 $16) 10... a5 (10... Nc6 $14) 11. Nd4 (11. cxb4 $16 axb4 12. N1d2) 11... Ne7 $14 12. Nb5 O-O 13. Nd2 Bc6 14. Nc4 Bc5 $1 15. cxb4 Bxb4 16. Re3 $1 $36 {[%mdl 2048] Black is under strong pressure.} Ng6 $2 (16... d5 $16 {keeps fighting.} 17. exd5 Qxd5) 17. Rg3 $2 (17. Rh3 $1 $18 h6 18. Qh5 Bxb5 19. axb5) 17... d5 $11 18. exd5 exd5 (18... Bxd5 $11 19. b3 Nd7) 19. Ne3 (19. Bg5 $5 {[%cal Rg5d8]} Be7 20. Bxe7 Qxe7 21. Ne3 $14) 19... Nd7 20. Nd4 Bb7 21. Nef5 Nde5 $2 {[%mdl 8192]} (21... Re8 $16 22. Bd2 Bc5) 22. Bb5 $2 (22. Rh3 h6 23. Bxh6 $1 {[%mdl 512]} gxh6 24. Qh5) 22... Bc5 $18 23. Bg5 (23. Qh5 $18 {Hoping for Rh3.} Bxd4 24. Nxd4) 23... f6 {[#]} 24. Be3 $1 {Black must now prevent Ne6.} Qb8 $2 (24... Bxd4 $16 25. Nxd4 (25. Bxd4 Bc8 $16) 25... Rf7) 25. Ne6 (25. Nc6 $142 Bxc6 26. Bxc5) 25... Bxe3 26. Rxe3 (26. fxe3 $18 Rf7 27. Rc1) 26... Rc8 $2 {[%mdl 8192]} (26... Rf7 $16 {is more resistant.}) 27. Nfxg7 Ba6 (27... d4 $142 28. Rh3 Nf8) 28. Nf5 (28. Nh5 $142) 28... Bxb5 29. axb5 Qxb5 30. Rg3 {Strongly threatening Nd6.} Qxb2 $2 (30... Kh8 $16) 31. Ned4 (31. h4 $142) 31... Rc4 $2 (31... Rcb8) 32. h4 $2 (32. Rb3 $18 Qxa1 33. Qxa1) 32... Rac8 $16 33. h5 $2 {[%mdl 8192]} (33. Ne7+ $16 Kf8 34. Nxc8 Rxd4 35. Qb1 Qxb1+ 36. Rxb1) 33... Rc1 $19 34. Rxc1 Rxc1 35. Qxc1 Qxc1+ 36. Kh2 Kf7 37. hxg6+ hxg6 38. Nd6+ Ke7 39. N6b5 Qh6+ 40. Rh3 Qc1 $2 (40... Qd2 $19 41. f3 a4) 41. Rh7+ $2 {[%mdl 8192]} (41. Rg3 $11 Qf4 42. f3) 41... Kf8 42. Ne6+ Kg8 43. Rg7+ Kh8 {aiming for ...Qh6+.} 44. Rf7 Qf4+ $4 {[%mdl 8192]} (44... Nxf7 $19 {and life is good for Black.} 45. Nf8 Qh6+ {[%mdl 64] Double Attack} 46. Kg1 Qxf8) 45. g3 $4 {[%mdl 8192]} (45. Nxf4 $18 Nxf7 46. Nxg6+ Kh7 47. Ne7) 45... Kg8 $4 {[%mdl 40960] Never resign too early! Accuracy: White = 31%, Black = 32%. . Sensor Board Error (Ke4/e5)?} (45... Qxf2+ {and all is fine.} 46. Kh1 Qf1+ {[%mdl 64] Double Attack} 47. Kh2 Ng4#) 0-1

[Event "Stay Safe Play From Home 329"]
[Site "Mustafa Kemal Atatürk"]
[Date "2020.07.24"]
[Round "5"]
[White "SelamiSahin"]
[Black "BrainThinker22"]
[Result "0-1"]
[WhiteElo "2136"]
[BlackElo "2374"]
[Annotator "NA"]
[PlyCount "108"]
[EventDate "2020.07.24"]
[EventType "swiss (blitz)"]

1. d4 {[%emt 0:00:01]} c5 {[%emt 0:00:01]} 2. d5 {[%emt 0:00:01]} e5 {[%emt 0:00:01]} 3. c4 {[%emt 0:00:01]} d6 {[%emt 0:00:00]} 4. Nc3 {[%emt 0:00:00]} Be7 {[%emt 0:00:00]} 5. e4 {[%emt 0:00:00]} Bg5 {[%emt 0:00:01]} 6. Bd3 {[%emt 0:00:01]} Bxc1 {[%emt 0:00:00]} 7. Qxc1 {[%emt 0:00:00]} Nf6 {[%emt 0:00:00]} 8. h3 {[%emt 0:00:01]} O-O {[%emt 0:00:00]} 9. g4 {[%emt 0:00:00]} Ne8 {[%emt 0:00:00]} 10. Nge2 {[%emt 0:00:00]} Qh4 {[%emt 0:00:01]} 11. Ng3 {[%emt 0:00:02]} g6 {[%emt 0:00:01]} 12. Qe3 {[%emt 0:00:03]} Ng7 {[%emt 0:00:04]} 13. O-O-O {[%emt 0:00:01]} h5 {[%emt 0:00:04]} 14. g5 {[%emt 0:00:01]} Qf4 {[%emt 0:00:01]} 15. Rdf1 {[%emt 0:00:03]} Nd7 {[%emt 0:00:05]} 16. Nge2 {[%emt 0:00:01]} Qxe3+ {[%emt 0:00:01]} 17. fxe3 {[%emt 0:00:00]} a6 {[%emt 0:00:01]} 18. a4 {[%emt 0:00:01]} Nb6 {[%emt 0:00:02]} 19. Kc2 {[%emt 0:00:02]} Bd7 {[%emt 0:00:02]} 20. b3 {[%emt 0:00:00]} Nc8 {[%emt 0:00:01]} 21. a5 {[%emt 0:00:02]} Ne7 {[%emt 0:00:01]} 22. h4 {[%emt 0:00:02]} Ne8 {[%emt 0:00:03]} 23. Rf2 {[%emt 0:00:01]} Kg7 {[%emt 0:00:01]} 24. Rhf1 {[%emt 0:00:00]} f5 {[%emt 0:00:01]} 25. exf5 {[%emt 0:00:02]} gxf5 {[%emt 0:00:01]} 26. Ng3 {[%emt 0:00:02]} Kg6 {[%emt 0:00:02]} 27. Be2 {[%emt 0:00:02]} Ng7 {[%emt 0:00:03]} 28. Bd1 {[%emt 0:00:02]} f4 {[%emt 0:00:02]} 29. exf4 {[%emt 0:00:00]} exf4 {[%emt 0:00:00]} 30. Rxf4 {[%emt 0:00:00]} Rxf4 {[%emt 0:00:00]} 31. Rxf4 {[%emt 0:00:00]} Nef5 {[%emt 0:00:00]} 32. Nxf5 {[%emt 0:00:02]} Bxf5+ {[%emt 0:00:00]} 33. Kb2 {[%emt 0:00:01]} Re8 {[%emt 0:00:00]} 34. Bc2 {[%emt 0:00:01]} Re3 {[%emt 0:00:02]} 35. Bxf5+ {[%emt 0:00:03]} Nxf5 {[%emt 0:00:00]} 36. Ne4 {[%emt 0:00:01]} Rh3 {[%emt 0:00:02]} 37. Ka3 {[%emt 0:00:05]} Rxh4 {[%emt 0:00:01]} 38. Rxh4 {[%emt 0:00:01]} Nxh4 {[%emt 0:00:00]} 39. Nxd6 {[%emt 0:00:00]} Kxg5 {[%emt 0:00:00]} 40. Nxb7 {[%emt 0:00:02]} Nf5 {[%emt 0:00:00]} 41. d6 {[%emt 0:00:01]} Kf6 {[%emt 0:00:00]} 42. d7 {[%emt 0:00:01]} h4 {[%emt 0:00:01]} 43. d8=Q+ {[%emt 0:00:00]} Ke5 {[%emt 0:00:00]} 44. Qe8+ {[%emt 0:00:01]} Kf4 {[%emt 0:00:00]} 45. Qh8 {[%emt 0:00:01]} Kg3 {[%emt 0:00:01]} 46. Nxc5 {[%emt 0:00:00]} h3 {[%emt 0:00:01]} 47. Ne4+ {[%emt 0:00:01]} Kf4 {[%emt 0:00:01]} 48. Qxh3 {[%emt 0:00:02]} Kxe4 {[%emt 0:00:00]} 49. Qh5 {[%emt 0:00:03]} Nd4 {[%emt 0:00:01]} 50. Qf5+ {[%emt 0:00:00]} Kxf5 {[%emt 0:00:01]} 51. b4 {[%emt 0:00:00]} Nc2+ {[%emt 0:00:00]} 52. Ka4 {[%emt 0:00:01]} Nd4 {[%emt 0:00:00]} 53. b5 {[%emt 0:00:00]} Nxb5 {[%emt 0:00:01]} 54. cxb5 {[%emt 0:00:00]} Ke5 {[%emt 0:00:00] Zaman (Lag: Av=0.55s, max=1.1s)} 0-1